Statistics for Guess the cricket team by image

Click here to take the quiz!

General Stats

  • This quiz has been taken 10 times
  • The average score is 6 of 9

Answer Stats

Answer% Correct
India cricket team
100%
New Zealand cricket team
100%
Bangladesh cricket team
89%
Australia cricket team
78%
Pakistan cricket team
78%
Sri Lanka cricket team
56%
Nepal cricket team
33%
Ireland cricket team
22%
Zimbabwe cricket team
22%

Score Distribution

Percentile by Number Answered

Percent of People with Each Score

Your Score History

You have not taken this quiz